| 000 | 00455nmm a2200145Ia 4500 | ||
|---|---|---|---|
| 008 | 251105s9999||||xx |||||||||||||||||und|| | ||
| 041 | _aspa | ||
| 100 | _aAriza Martínez, Juan Sebastián | ||
| 245 | 0 | _aUn largo camino: Universidad del Rosario, 365 años | |
| 264 |
_a[Bogotá, Colombia] : _bUniversidad del Rosario, _c2018 |
||
| 300 | _a400 páginas | ||
| 650 | _aEducation | ||
| 856 | _uhttps://public.digitaliapublishing.com/a/59751 | ||
| 942 | _cCF | ||
| 999 |
_c106602 _d106602 |
||